Three Billy Goats

Wedi'i Gadw mewn:
Manylion Llyfryddiaeth
Prif Awdur: Sue Arengo, Caroline Anstey
Fformat: Anhysbys
Cyhoeddwyd: 1983
Tagiau: Ychwanegu Tag
Dim Tagiau, Byddwch y cyntaf i dagio'r cofnod hwn!
Thư viện lưu trữ: Mạng thư viện Đại học Đà Nẵng
LEADER 00716na a2200217 4500
001 000032919
003 9044
005 20151002110610.0
008 151002s1983 000
082 |a 420.83 
100 |a Sue Arengo, Caroline Anstey 
245 |a Three Billy Goats  |c Sue Arengo, Caroline Anstey 
260 |c 1983 
OWN |a LNN 
AVA |a UDN50  |b LNN  |d 420.83  |e available  |t Error 5001 Not defined in file expand_doc_bib_avail.  |f 1  |g 0  |h N  |i 0  |k 1 
999 |a From the UDN01 
AVA |a UDN50  |b LNN  |d 420.83  |e available  |t Error 5001 Not defined in file expand_doc_bib_avail.  |f 1  |g 0  |h N  |i 0  |k 1 
TYP |a Printed language 
980 |a Mạng thư viện Đại học Đà Nẵng